Geography Quiz

Random Geography or Blitz Quiz

Blitz: Name a US State That... Quiz Stats

Quiz Updated Mar 8, 2018

Challenge
Share
Tweet
Embed
Score 0/30 Timer 03:00
54 Plays Today
Name a US state that ... Example State % Correct
Begins with the letter 'K'Kansas
81.6%
Is 4 letters longUtah
80.7%
Borders any of the Great LakesWisconsin
80.2%
Borders the Gulf of MexicoMississippi
80.2%
Is one of the original 13 coloniesGeorgia
80%
Has hosted the OlympicsNew York
79%
Became a state after 1900Hawaii
78.1%
Has a double letterConnecticut
77.7%
Contains a compass directionWest Virginia
77.6%
Is at least part in the Pacific time zoneCalifornia
77.2%
Is exactly two syllablesVermont
76.2%
Is 5 letters longIdaho
75.2%
Contains the letter 'X'New Mexico
74.9%
Begins and ends with the same letterAlabama
74.6%
Borders the state of MissouriIowa
74%
Name a US state that ... Example State % Correct
Is one word and longer than 10 lettersPennsylvania
73.6%
Is one of the 'Four Corners' statesColorado
73.2%
Is the birthplace to 4 or more presidentsVirginia
72.9%
Is named after a king or queenLouisiana
70.2%
Has borders with exactly 2 statesFlorida
68.9%
Ends in the letter 'D'Maryland
66.2%
Is represented by one House memberAlaska
65.7%
Has a capital that begins with 'B'Massachusetts
65%
Is actually a CommonwealthKentucky
64.2%
Alternates vowels and consonantsOregon
63.4%
Borders a state beginning with the same letterNew Jersey
63.2%
Has a red, white & blue flagOhio
58.2%
Begins with the same letter as its capitalDelaware
50.7%
Has four different vowelsSouth Carolina
48.6%
Has only one Big Four sports teamOklahoma
47%

You're not logged in!

Compare scores with friends on all Sporcle quizzes.
Join for Free
OR
Log In

You Might Also Like...

Show Comments

Extras

Top Quizzes Today


Score Distribution

Your Account Isn't Verified!

In order to create a playlist on Sporcle, you need to verify the email address you used during registration. Go to your Sporcle Settings to finish the process.

Report this User

Report this user for behavior that violates our Community Guidelines.

Details: